| 000 | 00646nam a2200241Ia 4500 | ||
|---|---|---|---|
| 003 | OSt | ||
| 005 | 20220924130814.0 | ||
| 006 | a|||||r|||| 00| 0 | ||
| 007 | ta | ||
| 008 | 220923b |||||||| |||| 00| 0 urd d | ||
| 024 | _a286712 | ||
| 037 | _cTextual | ||
| 040 |
_aARTS _cARTS _burd |
||
| 041 |
_2urd _aurd |
||
| 082 | _aR65,0, L7 | ||
| 100 |
_aKrishnananda Swami _981059 |
||
| 245 | 0 | _aEssence of the Brihadaranyaka Upnishad | |
| 260 |
_aU.P. _bThe Divine Life Society India _c1977 |
||
| 300 |
_a74p. _ccm. |
||
| 650 | _aPHILOSOPHY | ||
| 942 |
_hR65,0, L7 _cTEXL _2CC |
||
| 999 |
_c425391 _d425391 |
||